Study package for NTSE/ (Record no. 171359)
[ view plain ]
| 000 -LEADER | |
|---|---|
| fixed length control field | 00716nam a22002417a 4500 |
| 005 - DATE AND TIME OF LATEST TRANSACTION | |
| control field | 20200110142114.0 |
| 010 ## - LCCN (DPL NO) | |
| LC control number | ENG-127347 |
| 020 ## - INTERNATIONAL STANDARD BOOK NUMBER | |
| International Standard Book Number | 9789353164867 |
| Terms of availability | 925.00 |
| 035 ## - SYSTEM CONTROL NUMBER | |
| System control number | EN-110879 |
| 037 ## - SOURCE OF ACQUISITION | |
| Source of stock number/acquisition | DBAD/PUB |
| 082 ## - DEWEY DECIMAL CLASSIFICATION NUMBER | |
| Classification number | 000 |
| 100 ## - MAIN ENTRY--PERSONAL NAME | |
| Personal name | Malhotra,Stalin |
| 245 ## - TITLE STATEMENT | |
| Title | Study package for NTSE/ |
| Statement of responsibility, etc | by Stalin Malhotra...[et.,all] |
| 260 ## - PUBLICATION, DISTRIBUTION, ETC. (IMPRINT) | |
| Place of publication, distribution, etc | Chennai |
| Name of publisher, distributor, etc | McGraw Hill Education |
| Date of publication, distribution, etc | 2019 |
| 270 ## - ADDRESS | |
| Address | 444/1,Sri Ekambara naicker industrial estate,Alapakkam,Porur |
| City | Chennai |
| Postal code | 600116 |
| 300 ## - PHYSICAL DESCRIPTION | |
| Extent | various pages. |
| Dimensions | 24cm(pbk) |
| 700 ## - ADDED ENTRY--PERSONAL NAME | |
| Personal name | Gulati S.L |
| 700 ## - ADDED ENTRY--PERSONAL NAME | |
| Personal name | Dhawan,Prem |
| 700 ## - ADDED ENTRY--PERSONAL NAME | |
| Personal name | Gupta,Rachna |
| 700 ## - ADDED ENTRY--PERSONAL NAME | |
| Personal name | Vinay Kumar |
| 700 ## - ADDED ENTRY--PERSONAL NAME | |
| Personal name | June,Sanjeev |
| 942 ## - ADDED ENTRY ELEMENTS (KOHA) | |
| Source of classification or shelving scheme | Dewey Decimal Classification |
| Item type | English Books |
| Classification part | 000 |
| Call number suffix | MAL |
| Edition | 5th |
| Withdrawn status | Lost status | Not for loan | Collection code | Home library | Current library | Date acquired | Source of acquisition | Cost, normal purchase price | Full call number | Barcode | Copy number | Cost, replacement price | Koha item type |
|---|---|---|---|---|---|---|---|---|---|---|---|---|---|
| Non-fiction | D.B.Act.Division | Mobile Library | 10/01/2020 | DBAD/PUB | 925.00 | 000 MAL | EN-110879 | 1 | 925.00 | English Books |
